000 00731cam a2200289 i 4500
001 0000850
003 DO-SdBPM
005 20250528111055.0
007 0000850
008 100514s 2007 sp a | |||| 000 f spa
015 _a
017 _a
_b
020 _a8466200002
035 _a
040 _aDO-SdBPM
_bspa
_cBPMSU
_e
080 _a
082 _a808.83
_bC395 2007
_222
245 0 3 _aLa Cenicienta
_h
260 _aMadrid, España :
_bEditorial Libsa,
_c2007.
300 _a[16] p.:
_bil.
_c24 cm.
490 0 _aTopacio
590 _aInventariado, 2025/VM
650 4 _aCuentos infantiles
650 4 _aLibros ilustrados para niños
910 _aVMateo V. Control de calidad. BPMSU
942 _2ddc
_cBK
999 _c12222
_d12222